Great disasters of the 20th century
| Main Author: | |
|---|---|
| Format: | Book |
| Published: |
London :
Bison Books ,
1990
|
| Subjects: |
MARC
| LEADER | 00000cam a2200000 7i4500 | ||
|---|---|---|---|
| 001 | 0000000178 | ||
| 002 | 000000239 | ||
| 005 | .0 | ||
| 020 | |a 0861246578 | ||
| 090 | 0 | 0 | |a 904.5 |b CLE |
| 100 | 1 | |a Cleary, Margot Keam | |
| 245 | 0 | 0 | |a Great disasters of the 20th century |c Margot Keam Cleary |
| 260 | |a London : |b Bison Books , |c 1990 | ||
| 300 | |a 112p. : |b ill. ; |c 28cm. | ||
| 650 | 0 | 0 | |a Disasters |y 20th century |
| 999 | |a 028005 |b BUKU |c PINJAMAN |e PERPUSTAKAAN KOMUNITI PETALING JAYA | ||